Argentina Debutants since 2014 - Statistics

General Stats
  • This quiz has been taken 56 times
  • The average score is 40 of 83
Answer Stats
% Correct
2023 Manchester United LW 18 Alejandro Garnacho 5
98%
2021 Aston Villa GK 28 Emiliano Martinez 37
98%
2018 Racing Club ST 20 Lautaro Martinez 57 22
98%
2019 Defensa CB 21 Lisandro Martinez 17
98%
2022 Benfica CM 21 Enzo Fernandez 22 4
96%
2019 River Plate CB 23 Lucas Martinez Quarta 13
96%
2018 River Plate AM 25 Pity Martinez 3 1
96%
2017 River Plate AM 27 Nacho Fernandez 1
92%
2015 Juventus SS 21 Paulo Dybala 38 3
90%
2017 Roma DM 22 Leandro Paredes 61 5
83%
2021 Udinese RB 23 Nahuel Molina 37 1
83%
2018 Udinese CM 24 Rodrigo de Paul 63 2
83%
2019 Boca Juniors CM 20 Alexis Mac Allister 25 2
81%
2021 River Plate ST 21 Julian Alvarez 30 7
81%
2021 Atalanta CB 23 Cristian Romero 31 3
79%
2022 Aston Villa RW 25 Emiliano Buendia 1
79%
2015 Atletico Madrid RW 20 Angel Correa 25 3
77%
2017 Tijuana DM 23 Gudio Rodriguez 29 1
77%
2017 Sevilla SS 22 Joaquin Correa 19 4
77%
2017 Atalanta LW 29 Papu Gomez 17 3
77%
2016 Racing Club LB 25 Marcos Acuna 57
75%
2017 Lanus RB 23 Jose Luis Gomez 1
73%
2018 Chelsea GK 36 Willy Caballero 5
73%
2019 Sevilla LW 25 Lucas Ocampos 12 2
71%
2017 Independiente LB 24 Nicolas Tagliafico 57 1
71%
2019 River Plate RB 22 Gonzalo Montiel 25 1
69%
2022 Atlanta United AM 21 Thiago Almada 4 1
67%
2018 Real Sociedad GK 26 Geronimo Rulli 4
65%
2019 Stuttgart RW 21 Nicolas Gonzalez 33 5
65%
2017 Paris Saint-Germain AM 21 Giovani Lo Celso 51 3
63%
2018 Tottenham Hotspur RB 20 Juan Foyth 18
63%
2017 West Ham United AM 24 Manuel Lanzini 5 1
60%
2024 Brighton & Hove Albion LB 19 Valentin Barco 2
60%
2018 River Plate GK 31 Franco Armani 19
58%
2024 PSV GK 31 Walter Benitez 1
58%
2023 Brighton & Hove Albion AM 18 Facundo Buonanotte 2
54%
2022 Udinese CB 22 Nehuen Perez 2
52%
2018 Boca Juniors CM 32 Pablo Perez 1
52%
2019 Borussia Dortmund CB 20 Leonardo Balerdi 2
50%
2022 Feyenoord CB 25 Marcos Senesi 1
48%
2020 Lens CB 21 Facundo Medina 3
46%
2019 Udinese GK 24 Juan Musso 2
46%
2018 Tottenham Hotspur GK 26 Paulo Gazzaniga 1
46%
2014 Juventus CM 23 Roberto Pereyra 19 2
46%
2018 River Plate CM 19 Exequiel Palacios 29
44%
2017 Boca Juniors ST 27 Dario Benedetto 5
42%
2018 Fiorentina ST 23 Giovanni Simeone 6 1
42%
2017 Fiorentina CB 26 German Pezzella 40 3
40%
2016 River Plate ST 23 Lucas Alario 9 3
35%
2017 Boca Juniors LW 21 Cristian Pavon 11
31%
2024 Monza AM 19 Valentin Carboni 1
31%
2015 San Lorenzo LB 26 Emmanuel Mas 8
29%
2022 Elche ST 26 Lucas Boye 1
29%
2015 River Plate CB 24 Ramiro Funes Mori 26 2
29%
2018 Stuttgart DM 21 Santiago Ascacibar 3
27%
2018 Sevilla AM 29 Franco Vazquez 3
25%
2016 Atletico Mineiro ST 28 Lucas Pratto 5 2
25%
2015 River Plate DM 22 Matias Kranevitter 9
25%
2019 Velez Sarsfield CM 21 Nicolas Dominguez 11 1
25%
2018 Independiente RW 25 Maximiliano Meza 11
23%
2018 Sporting CP DM 27 Rodrigo Battaglia 2
23%
2017 Tigres DM 27 Guido Pizarro 4
21%
2019 River Plate ST 30 Matias Suarez 6
21%
2018 Independiente RB 21 Fabricio Bustos 4
19%
2015 Newell's Old Boys LB 27 Milton Casco 3
19%
2014 River Plate CB 18 Emanuel Mammana 3
17%
2019 Boca Juniors GK 28 Esteban Andrada 4
17%
2014 Tigres GK 28 Nahuel Guzman 6
17%
2018 Gremio CB 27 Walter Kannemann 6
17%
2019 San Lorenzo ST 20 Adolfo Gaich 1
15%
2018 Benfica LW 24 Franco Cervi 4 1
13%
2017 Lanus LW 29 Lautaro Acosta 2
13%
2018 Racing Club RB 25 Renzo Saravia 9
13%
2018 Independiente CB 21 Alan Franco 1
10%
2017 Zenit RW 24 Emiliano Rigoni 2
10%
2018 Velez Sarsfield DM 27 Gaston Gimenez 1
10%
2014 Sporting CP LB 20 Jonathan Silva 2
10%
2019 Racing Club AM 21 Matias Zaracho 1
10%
2015 Independiente CM 26 Federico Mancuello 3 1
8%
2019 Boca Juniors DM 28 Ivan Marcone 1
8%
2018 Velez Sarsfield LW 21 Matias Vargas 2
8%
2019 Defensa RW 23 Domingo Blanco 1
4%
2016 Independiente CB 27 Victor Cuesta 3 1
2%
No matching quizzes found
Score Distribution
Percent of People with Each Score
Percentile by Number Answered
Your Score History
You have not taken this quiz